00385nam a2200169Ia 4500003000900000005001700009008004100026040001300067040001300080041000800093100002000101245003800121260002900159300001100188300001000199490000600209IT-RoPAU20220918175913.0120407s9999 xx 000 0 und d aIT-RoPAU cIT-RoPAU aita aBruno Cicognani aI ricordi. I. L’Età favolosa. c1961aFirenzebVallecchi a548 p. c21 cm v1